Countries within 500km of the United Kingdom - Statistics

General Stats
  • This quiz has been taken 64 times
  • The average score is 7 of 7
Answers on the Map
Answers color-coded by a green-red scale on the quiz's map according to % correct below.
 
Answer Stats
Answer % Correct
France
100%
Belgium
98%
Ireland
98%
Germany
97%
Luxembourg
97%
Netherlands
95%
Norway
95%
No matching quizzes found
Score Distribution
Percent of People with Each Score
Percentile by Number Answered
Your Score History
You have not taken this quiz